000 00846 a2200241 4500
999 _c11112
_d11112
020 _a9780078029349 (alk. paper)
020 _a0078029341 (alk. paper)
050 0 0 _aHD31
_bJON 2013
100 1 _aJones, Gareth R.
_eauthor
245 1 0 _aEssentials of contemporary management /
_cGareth R. Jones, Jennifer M. George.
250 _afifth edition
264 _a Boston :
_bMcGrawHill,
_c2011
300 _axli, 531 pages
_bcoloured illustrations
336 _2rdacontent
_atext
_btxt
337 _2rdamedia
_aunmediated
_bn
338 _2rdacarrier
_avolume
_bnc
500 _aIncludes index.
650 0 _aManagement.
650 0 _aGestion
700 1 _aGeorge, Jennifer M.
_eauthor
942 _2lcc
_cBK
_h31
_iJON
_kHD